000 00538nam a2200181 i 4500
001 28587
003 ES-MaACL
005 20230906153906.0
007 t|
008 030117s1904 it ||||1| ita d
100 1 _aBaldwin, James Mark.
_924913
245 1 2 _aL'intelligenza /
_cJ. Mark Baldwin ; traduzione dell'inglese de G. Villa.
260 _aTorino :
_bFratelli Bocca,
_c1904 (
_fVizenzo Bona)
300 _aXXVIII, 290 p. ;
_c20 cm.
650 0 4 _aInteligencia.
_913860
700 1 _aVilla, G.
_9114868
852 _aES-MaACL
_jF-6099
999 _c28587
_d28587